| 000 | 01063nam a22003137a 4500 | ||
|---|---|---|---|
| 001 | BR9702719 | ||
| 003 | BR-BrBNA | ||
| 005 | 20230928095435.0 | ||
| 007 | ta | ||
| 008 | 230509b bl.||||| |||| 00| 0 por d | ||
| 040 |
_aBR-BrBNA _bpor _cBiblioteca Nacional de Agricultura |
||
| 041 | _a(Por) | ||
| 072 |
_aT01; Q03; H01 _b3870 |
||
| 090 | _ 3870 BR9702719 | ||
| 110 | 1 |
_aSociedade Brasileira de Ecologia, Sao Paulo, SP (Brasil) _99675 |
|
| 110 | 1 | _aAssociacao Brasileira de Medicina do Trabalho, Rio de janeiro, RJ (Brasil) | |
| 111 | 1 |
_a1. Seminario Brasileiro de Toxicologia Agropecuaria e Agroindustrial _cRio de Janeiro, RJ (Brazil) _d7-12 Jul 1985 |
|
| 245 | 1 | _a1. Seminario Brasileiro de Toxicologia Agropecuaria e Agroindustrial. Anais | |
| 260 | 3 |
_aRio de Janeiro, RJ (Brasil): _c1985. |
|
| 300 | _a160 p. | ||
| 650 | _aSubstancia Toxica | ||
| 650 | _aAgrotoxico | ||
| 650 | _aIntoxicacao | ||
| 650 | _aMeio Ambiente | ||
| 650 | _aPesticida | ||
| 650 | _aToxicologia de Alimento | ||
| 909 |
_a202309 _bLucia _c55 _dLucia Elande |
||
| 942 | _cBK | ||
| 999 |
_c56584 _d56584 |
||